[Event "22nd ch-EUR Indiv 2022"]
[Site "Terme Catez SLO"]
[Date "2022.03.27"]
[Round "1.1"]
[White "Sarrau, Jelle"]
[Black "Navara, David"]
[Result "0-1"]
[WhiteTitle "FM"]
[BlackTitle "GM"]
[WhiteElo "2401"]
[BlackElo "2700"]
[WhiteFideId "207608"]
[BlackFideId "309095"]
[EventDate "2022.03.27"]

1. c4 e5 2. g3 Nf6 3. Bg2 Bc5 4. Nc3 c6 5. Nf3 e4 6. Nh4 d5 7. cxd5 cxd5 8. d3
Ng4 9. O-O g5 10. d4 Bb4 11. h3 gxh4 12. hxg4 hxg3 13. Qb3 Bxc3 14. bxc3 O-O 15.
fxg3 Bxg4 16. Bh6 Re8 17. Qxb7 Qd7 18. Rab1 Nc6 19. Qxd7 Bxd7 20. Rb7 Be6 21.
Bh3 Nd8 0-1

[Event "22nd ch-EUR Indiv 2022"]
[Site "Terme Catez SLO"]
[Date "2022.03.27"]
[Round "1.2"]
[White "Korobov, Anton"]
[Black "Salimova, Nurgyul"]
[Result "1-0"]
[WhiteTitle "GM"]
[BlackTitle "IM"]
[WhiteElo "2695"]
[BlackElo "2399"]
[WhiteFideId "14105730"]
[BlackFideId "2915138"]
[EventDate "2022.03.27"]

1. c4 Nf6 2. Nc3 d5 3. d4 g6 4. cxd5 Nxd5 5. e4 Nxc3 6. bxc3 Bg7 7. Bc4 c5 8.
Ne2 O-O 9. O-O Nc6 10. Be3 b6 11. Rc1 Qc7 12. h4 e5 13. Bd5 Bb7 14. dxc5 bxc5
15. Bxc5 Rfd8 16. c4 Rac8 17. Be3 Na5 18. Qa4 Bc6 19. Bxc6 Nxc6 20. Nc3 Nd4 21.
Nd5 Qc5 22. Rfe1 Qf8 23. Rb1 Qe8 24. Qxe8+ Rxe8 25. Rb7 Rxc4 26. Reb1 Ne6 27. h5
gxh5 28. Ne7+ Kf8 29. Nf5 Rd8 30. Rxa7 Bf6 31. Rbb7 Rd1+ 32. Kh2 Nd8 33. Bh6+
Kg8 34. Re7 Bxe7 35. Rxe7 f6 36. Rg7+ 1-0

[Event "22nd ch-EUR Indiv 2022"]
[Site "Terme Catez SLO"]
[Date "2022.03.27"]
[Round "1.3"]
[White "Rozen, Eytan"]
[Black "Anton Guijarro, David"]
[Result "1/2-1/2"]
[WhiteTitle "IM"]
[BlackTitle "GM"]
[WhiteElo "2398"]
[BlackElo "2694"]
[WhiteFideId "2816750"]
[BlackFideId "2285525"]
[EventDate "2022.03.27"]

1. d4 Nf6 2. c4 e6 3. Nf3 d5 4. Nc3 c6 5. Bg5 h6 6. Bh4 Nbd7 7. e3 Be7 8. Bd3
O-O 9. O-O dxc4 10. Bxc4 b5 11. Bd3 Bb7 12. Qe2 b4 13. Ne4 Nxe4 14. Bxe7 Qxe7
15. Bxe4 Nf6 16. Bd3 c5 17. dxc5 a5 18. a3 Qxc5 19. Rfc1 Qb6 20. axb4 axb4 21.
Rxa8 Rxa8 22. h3 Qd6 23. Bb1 Rd8 24. Qc4 Bxf3 25. gxf3 Qd2 26. Qc2 Qd5 27. Qc7
Ne8 28. Qe7 Qg5+ 29. Qxg5 hxg5 30. Kg2 Rd2 31. Rc8 Kf8 32. Bc2 Ke7 33. Kf1 b3
34. Bxb3 Rxb2 35. Bc2 g6 36. Kg2 Ng7 37. Rc7+ Kf6 38. Kg3 Ra2 39. h4 gxh4+ 40.
Kxh4 Ra1 41. f4 Rc1 42. Kh3 Nf5 43. Kg2 Nd6 1/2-1/2

[Event "22nd ch-EUR Indiv 2022"]
[Site "Terme Catez SLO"]
[Date "2022.03.27"]
[Round "1.4"]
[White "Saric, Ivan"]
[Black "Pasti, Aron"]
[Result "1-0"]
[WhiteTitle "GM"]
[BlackTitle "FM"]
[WhiteElo "2687"]
[BlackElo "2398"]
[WhiteFideId "14508150"]
[BlackFideId "785857"]
[EventDate "2022.03.27"]

1. e4 e5 2. Nf3 Nc6 3. Bb5 a6 4. Ba4 Nf6 5. O-O Be7 6. Re1 b5 7. Bb3 d6 8. c3
O-O 9. h3 Na5 10. Bc2 c5 11. d4 Qc7 12. Nbd2 cxd4 13. cxd4 Nc6 14. a3 exd4 15.
Nb3 Ne5 16. Nbxd4 g6 17. Bh6 Rd8 18. Rc1 Bb7 19. Bb3 Nc4 20. Qd3 Rac8 21. a4 Qb6
22. Bxc4 bxc4 23. Qe3 Bf8 24. Bxf8 Rxf8 25. Qf4 Nh5 26. Qh6 f6 27. g4 Ng7 28.
Qf4 Ba8 29. Re2 Rfe8 30. Rce1 c3 31. bxc3 Rxc3 32. a5 Qxa5 33. Qxd6 Rd8 34. Qxf6
Rf8 35. Qd6 Rcxf3 36. Nxf3 Rxf3 37. Rb1 Rxh3 38. Rb8+ 1-0

[Event "22nd ch-EUR Indiv 2022"]
[Site "Terme Catez SLO"]
[Date "2022.03.27"]
[Round "1.5"]
[White "Sokolovsky, Yahli"]
[Black "Volokitin, Andrei"]
[Result "0-1"]
[WhiteTitle "FM"]
[BlackTitle "GM"]
[WhiteElo "2395"]
[BlackElo "2687"]
[WhiteFideId "2820242"]
[BlackFideId "14107090"]
[EventDate "2022.03.27"]

1. e4 c5 2. Nf3 e6 3. d4 cxd4 4. Nxd4 Nc6 5. Nc3 Qc7 6. Be3 a6 7. Qf3 Nf6 8.
O-O-O Ne5 9. Qg3 b5 10. Bf4 d6 11. Bxb5+ axb5 12. Bxe5 dxe5 13. Ncxb5 Qc5 14. b4
Qc4 15. Qxe5 Rxa2 16. Nc7+ Kd7 17. Ncb5 Ke8 18. Qd6 Ra1+ 19. Kb2 Qa2+ 20. Kc3
Nxe4+ 0-1

[Event "22nd ch-EUR Indiv 2022"]
[Site "Terme Catez SLO"]
[Date "2022.03.27"]
[Round "1.6"]
[White "Kryvoruchko, Yuriy"]
[Black "Golubovic, Boris"]
[Result "1/2-1/2"]
[WhiteTitle "GM"]
[BlackTitle "IM"]
[WhiteElo "2683"]
[BlackElo "2393"]
[WhiteFideId "14109182"]
[BlackFideId "14502160"]
[EventDate "2022.03.27"]

1. e4 d6 2. d4 Nf6 3. Nc3 e5 4. Nf3 Nbd7 5. Bc4 Be7 6. a4 O-O 7. O-O c6 8. Re1
a5 9. h3 h6 10. Ba2 Re8 11. Be3 exd4 12. Nxd4 Nc5 13. Qf3 Bf8 14. Bf4 Be6 15.
Nxe6 Nxe6 16. Bg3 Qb6 17. Rad1 Rad8 18. Bh4 Ng5 19. Qd3 Nd7 20. Kh1 Nc5 21. Qc4
Rd7 22. f4 Ngxe4 23. Nxe4 Rxe4 24. Rxe4 d5 25. Qe2 Nxe4 26. c4 Be7 27. cxd5 Bxh4
28. Qxe4 Re7 29. Qb1 cxd5 30. Bxd5 g6 31. f5 Kg7 32. fxg6 fxg6 33. Qc2 Qf2 34.
Qxf2 1/2-1/2

[Event "22nd ch-EUR Indiv 2022"]
[Site "Terme Catez SLO"]
[Date "2022.03.27"]
[Round "1.7"]
[White "Bukal, Vladimir Jr."]
[Black "Sargissian, Gabriel"]
[Result "0-1"]
[WhiteTitle "IM"]
[BlackTitle "GM"]
[WhiteElo "2391"]
[BlackElo "2681"]
[WhiteFideId "14502941"]
[BlackFideId "13300881"]
[EventDate "2022.03.27"]

1. d4 d5 2. Nf3 Nf6 3. Bf4 e6 4. e3 Bd6 5. Ne5 O-O 6. Nd2 c5 7. c3 Qc7 8. h4 Nc6
9. Ndf3 Ne4 10. Be2 f6 11. Nd3 b6 12. O-O Bb7 13. Bxd6 Qxd6 14. Nd2 Nxd2 15.
Qxd2 c4 16. Nf4 Ne7 17. b3 Kh8 18. Rfb1 e5 19. Nh5 cxb3 20. Rxb3 Nf5 21. a4 Qc7
22. a5 Nd6 23. Qb2 bxa5 24. Qa3 Rfc8 25. Qxa5 Bc6 26. Qxc7 Rxc7 27. Ra6 Rd8 28.
Bd3 Kg8 29. Ng3 g6 30. h5 Kf7 31. f3 Nc8 32. Rb8 Rd6 33. h6 Ke7 34. Ne2 Be8 35.
Rxd6 Nxd6 36. Kf2 Rc8 37. Rxc8 Nxc8 38. dxe5 fxe5 39. f4 e4 40. Ba6 Nd6 41. Nd4
Nf7 42. g4 Nxh6 43. g5 Ng4+ 44. Ke2 h5 45. gxh6 Nxh6 46. c4 dxc4 47. Bxc4 Ng4
48. Bd5 Nf6 49. Bc6 a5 50. Kd2 a4 51. Kc3 Bxc6 52. Nxc6+ Kd6 53. Ne5 Kc5 54.
Nxg6 Nd5+ 55. Kb2 Nxe3 56. Ka3 Kb5 57. Nh4 Nc4+ 58. Ka2 e3 59. f5 e2 60. Nf3 Kc5 0-1

[Event "22nd ch-EUR Indiv 2022"]
[Site "Terme Catez SLO"]
[Date "2022.03.27"]
[Round "1.8"]
[White "Deac, Bogdan-Daniel"]
[Black "Lutsko, Artem"]
[Result "1-0"]
[WhiteTitle "GM"]
[WhiteElo "2679"]
[BlackElo "2390"]
[WhiteFideId "1226380"]
[BlackFideId "14188767"]
[EventDate "2022.03.27"]

1. c4 e6 2. Nf3 Nf6 3. g3 d5 4. Bg2 dxc4 5. Qa4+ Nbd7 6. Qxc4 a6 7. Qb3 Rb8 8.
Qc2 c5 9. d4 cxd4 10. Nxd4 Bc5 11. Nb3 Bb4+ 12. Nc3 b5 13. a3 Be7 14. O-O Bb7
15. e4 O-O 16. Rd1 Qc7 17. Qe2 b4 18. axb4 Bxb4 19. Bd2 Bxc3 20. Bxc3 Bxe4 21.
Rxd7 Nxd7 22. Bxe4 Rxb3 23. Bxh7+ Kxh7 24. Qc2+ Kg8 25. Qxb3 Ra8 26. Ra5 Qc6 27.
Qb4 f6 28. Qe7 e5 29. f4 Nb6 30. fxe5 Nd5 31. Qd6 Qxd6 32. exd6 Nb6 33. Rc5 Na4
34. Rc6 Nxc3 35. d7 1-0

[Event "22nd ch-EUR Indiv 2022"]
[Site "Terme Catez SLO"]
[Date "2022.03.27"]
[Round "1.9"]
[White "Barp, Alberto"]
[Black "Cheparinov, Ivan"]
[Result "0-1"]
[WhiteTitle "IM"]
[BlackTitle "GM"]
[WhiteElo "2388"]
[BlackElo "2672"]
[WhiteFideId "872555"]
[BlackFideId "2905540"]
[EventDate "2022.03.27"]

1. d4 Nf6 2. c4 g6 3. Nc3 d5 4. cxd5 Nxd5 5. e4 Nxc3 6. bxc3 Bg7 7. Nf3 c5 8.
Bb5+ Nd7 9. O-O O-O 10. Re1 Qc7 11. Bg5 Nf6 12. Qd2 Bg4 13. Qf4 Qxf4 14. Bxf4
cxd4 15. cxd4 Rfd8 16. Rad1 e6 17. h3 Bxf3 18. gxf3 Rac8 19. Be3 a6 20. Bf1 Ne8
21. f4 Nd6 22. e5 Ne4 23. Bg2 Nc3 24. Rd3 b5 25. Bd2 Nd5 26. Ra3 Rc6 27. Rc1
Rxc1+ 28. Bxc1 Rc8 29. Bd2 Rc2 30. Be3 Rc6 31. Kf1 Bf8 32. Rd3 Rc2 33. Bxd5 exd5
34. Rd2 Rxd2 35. Bxd2 b4 36. Ke2 a5 37. a4 Be7 38. Kd3 Kg7 39. Be3 Kf8 40. Bd2
Ke8 41. f3 Kd7 42. f5 gxf5 43. Bh6 Ke6 44. Bf4 Bd8 45. Bh6 f6 46. f4 Kf7 0-1

[Event "22nd ch-EUR Indiv 2022"]
[Site "Terme Catez SLO"]
[Date "2022.03.27"]
[Round "1.10"]
[White "Areshchenko, Alexander"]
[Black "Ceres, Dragos"]
[Result "1-0"]
[WhiteTitle "GM"]
[BlackTitle "FM"]
[WhiteElo "2670"]
[BlackElo "2385"]
[WhiteFideId "14109530"]
[BlackFideId "13905864"]
[EventDate "2022.03.27"]

1. e4 e5 2. Nf3 Nc6 3. Bc4 Nf6 4. d3 Bc5 5. O-O d6 6. c3 a5 7. Nbd2 O-O 8. h3 h6
9. Re1 a4 10. Bb5 Bd7 11. Nf1 Ne7 12. Bxd7 Qxd7 13. Ng3 Ng6 14. d4 Ba7 15. Qd3
c6 16. Be3 Rfe8 17. Rad1 Qe6 18. c4 Nf4 19. Qc2 N6h5 20. d5 Qg6 21. Kh2 cxd5 22.
Bxa7 Rxa7 23. cxd5 Raa8 24. Nh4 Qg5 25. Nhf5 Rec8 26. Qd2 Qd8 27. Rc1 Nf6 28.
Re3 Rxc1 29. Qxc1 g6 30. Nxh6+ Kg7 31. Ngf5+ gxf5 32. Nxf5+ Kh7 33. g3 Rc8 34.
Qd2 N6xd5 35. exd5 Qd7 36. gxf4 Qxf5 37. fxe5 Qf4+ 38. Kh1 dxe5 39. d6 Qf5 40.
Qd3 Qxd3 41. Rxd3 Rd8 42. d7 Kg6 43. Kg2 f5 44. h4 Kf6 45. f4 e4 46. Rd4 Kg6 47.
Kg3 Kh5 48. Rd5 Kg6 49. a3 Kf6 50. h5 Ke6 51. Rd1 Kf6 52. Kf2 Ke6 53. Ke3 Kf6
54. Rd4 Ke6 55. Kd2 Kf6 56. Kc3 Ke6 57. h6 Kf6 58. Rd6+ Ke7 59. Rd5 Kf6 60. Kd4
Kg6 61. Rd6+ Kh7 62. Ke5 e3 63. Kxf5 e2 64. Re6 Rxd7 65. Rxe2 Kxh6 66. Rg2 b5
67. Rg6+ Kh7 68. Rb6 Kg7 69. Rxb5 Kf7 70. Rb4 Rd2 71. Rb7+ Kf8 72. Ke6 Re2+ 73.
Kf6 Kg8 74. f5 Rc2 75. Rb8+ Kh7 76. Rb4 Kg8 77. Ke6 Re2+ 78. Kd5 Rf2 79. Ke5 Kf7
80. Rb7+ Kg8 81. Kf6 Rc2 82. Rb4 Rf2 83. Rxa4 Rxb2 84. Ra8+ Kh7 85. a4 Rb6+ 86.
Ke5 Kg7 87. a5 Rb1 88. Ra7+ Kg8 89. Kf6 Rc1 90. a6 Rc6+ 91. Kg5 Kf8 92. f6 Rc1
93. Rb7 1-0

[Event "22nd ch-EUR Indiv 2022"]
[Site "Terme Catez SLO"]
[Date "2022.03.27"]
[Round "1.11"]
[White "Ohanyan, Emin"]
[Black "Grandelius, Nils"]
[Result "1/2-1/2"]
[WhiteTitle "IM"]
[BlackTitle "GM"]
[WhiteElo "2379"]
[BlackElo "2663"]
[WhiteFideId "13312022"]
[BlackFideId "1710400"]
[EventDate "2022.03.27"]

1. d4 Nf6 2. c4 e6 3. Nf3 d5 4. Nc3 Nbd7 5. cxd5 exd5 6. Bg5 Bb4 7. e3 h6 8.
Bxf6 Bxc3+ 9. bxc3 Nxf6 10. Bd3 O-O 11. Ne5 c5 12. O-O Qa5 13. Rc1 Bd7 14. Nxd7
Nxd7 15. Qb3 c4 16. Qxb7 cxd3 17. Qxd7 Rac8 18. Rfd1 Rxc3 19. Rxc3 Qxc3 20. Qb5
Rc8 21. g3 Qc2 22. Qxd3 Qxa2 23. Qb1 Qe2 24. Re1 Qf3 25. Qa2 Rc7 26. Qa5 Rd7 1/2-1/2

[Event "22nd ch-EUR Indiv 2022"]
[Site "Terme Catez SLO"]
[Date "2022.03.27"]
[Round "1.12"]
[White "Guseinov, Gadir"]
[Black "Juksta, Karolis"]
[Result "1-0"]
[WhiteTitle "GM"]
[BlackTitle "FM"]
[WhiteElo "2661"]
[BlackElo "2378"]
[WhiteFideId "13401378"]
[BlackFideId "12809039"]
[EventDate "2022.03.27"]

1. e4 e6 2. d4 d5 3. e5 c5 4. c3 Nc6 5. Nf3 Nge7 6. Na3 cxd4 7. cxd4 Nf5 8. Nc2
Qb6 9. Bd3 Bd7 10. O-O a5 11. Kh1 Rc8 12. Rb1 Nb4 13. Nxb4 axb4 14. a4 h6 15.
Ra1 Nxd4 16. a5 Qa7 17. Be3 Bc5 18. a6 Nb5 19. Qa4 bxa6 20. Bxb5 Bxb5 21. Qxb5+
axb5 22. Rxa7 Bxa7 23. Bxa7 Rc2 24. Rb1 Kd7 25. g3 Ra8 26. Bd4 b3 27. Rd1 b4 28.
Rd3 Kc6 29. Kg2 Kb5 30. Rxb3 Kc4 31. Re3 b3 32. Re1 Ra2 33. Rb1 Kd3 34. Kf1 Ke4
35. h3 Kd3 36. Kg2 Kc4 37. g4 Kd3 38. h4 Kc4 39. Kg3 Kd3 40. h5 Kc4 41. Kf4 Re2
42. Bc3 Kd3 43. Ne1+ Kc4 44. Kf3 Re4 45. Rc1 Kb5 46. Nd3 Raa4 47. Rg1 Kc4 48.
Nf4 Kb5 49. Ne2 Rec4 50. g5 d4 51. gxh6 gxh6 52. Bd2 Rc5 53. Ke4 d3+ 54. Nd4+
Ka6 55. Kxd3 Rxe5 56. Nxb3 Rxh5 57. Be3 Rb4 58. Kc3 Rb8 59. Ra1+ Kb7 60. Ra7+
Kc6 61. Rxf7 Rc8 62. Nd4+ Kd6+ 63. Kd3 Rd5 64. Ke4 Re5+ 65. Kd3 Rd5 66. Rf6 Kd7
67. Ke4 Rb8 68. Rxh6 Rxb2 69. Rh7+ Ke8 70. Nxe6 Ra5 71. Nc5 Raa2 72. Nd3 Rb5 73.
Ne5 Kf8 74. Rc7 Ke8 75. Rc8+ Ke7 76. Bg5+ Ke6 77. Rc6# 1-0

[Event "22nd ch-EUR Indiv 2022"]
[Site "Terme Catez SLO"]
[Date "2022.03.27"]
[Round "1.14"]
[White "Tari, Aryan"]
[Black "Tomazini, Zan"]
[Result "1-0"]
[WhiteTitle "GM"]
[BlackTitle "IM"]
[WhiteElo "2653"]
[BlackElo "2376"]
[WhiteFideId "1510045"]
[BlackFideId "14608162"]
[EventDate "2022.03.27"]

1. d4 Nf6 2. c4 g6 3. g3 c5 4. dxc5 Qa5+ 5. Nc3 Qxc5 6. e4 d6 7. Be3 Qa5 8. Bg2
Bg7 9. Ne2 Nc6 10. Rc1 Ng4 11. Bd2 Nce5 12. O-O Nd3 13. Nd5 Qd8 14. Rb1 e6 15.
Bc3 Nde5 16. Ndf4 O-O 17. h3 Nf6 18. c5 Ne8 19. cxd6 Qxd6 20. Qxd6 Nxd6 21. Bb4
Rd8 22. Rfd1 Bf8 23. Bc3 Nc6 24. Bf6 Rd7 25. Nd3 Ne8 26. Bc3 b6 27. b4 Bb7 28.
b5 Na5 29. Ne5 Rc7 30. Bxa5 bxa5 31. Nd4 Bg7 32. Nec6 e5 33. Nxa5 exd4 34. Nxb7
Rxb7 35. e5 Rbb8 36. Bxa8 Rxa8 37. Rxd4 Bxe5 38. Rd7 Bc3 39. Rb3 Ba5 40. Rf3 f5
41. g4 Nf6 42. Rb7 Ne4 43. Ra3 Nc5 44. Re7 Bb6 45. gxf5 gxf5 46. Rg3+ Kh8 47.
Kf1 Rg8 48. Rf3 Rf8 49. Rf4 Kg8 50. a4 Rf6 51. h4 h6 52. h5 Rf8 53. f3 Nd3 54.
Rc4 Rd8 55. a5 Bxa5 56. Rxa7 Bb6 57. Rb7 Bd4 58. Rbc7 Ne5 59. Rc8 Rxc8 60. Rxc8+
Kf7 61. Ke2 f4 62. Rd8 Be3 63. Rd6 Nc4 64. Rxh6 Kg7 65. Rc6 Na5 66. Rg6+ Kh7 67.
b6 Nc4 68. b7 Ba7 69. Ra6 Bb8 70. Ra8 1-0

[Event "22nd ch-EUR Indiv 2022"]
[Site "Terme Catez SLO"]
[Date "2022.03.27"]
[Round "1.15"]
[White "Roseneck, Jonas"]
[Black "Nisipeanu, Liviu-Dieter"]
[Result "1/2-1/2"]
[WhiteTitle "FM"]
[BlackTitle "GM"]
[WhiteElo "2376"]
[BlackElo "2652"]
[WhiteFideId "12939870"]
[BlackFideId "1202758"]
[EventDate "2022.03.27"]

1. c4 e5 2. Nc3 Nc6 3. Nf3 g6 4. d4 exd4 5. Nxd4 Bg7 6. Nxc6 bxc6 7. g3 Ne7 8.
Bg2 O-O 9. O-O Rb8 10. Qa4 d6 11. Qa5 Be6 12. b3 h6 13. Bd2 Qd7 14. Rad1 Rb7 15.
Rfe1 Bh3 16. Bh1 Kh7 17. Na4 Qe6 18. Bc3 g5 19. Bxg7 Kxg7 20. c5 d5 21. e4 dxe4
22. Bxe4 Qf6 23. Qc3 Rbb8 24. Bg2 Bxg2 25. Kxg2 Nd5 26. Qxf6+ Kxf6 27. Rd3 Rfe8
28. Rxe8 Rxe8 29. Nc3 Re5 1/2-1/2

[Event "22nd ch-EUR Indiv 2022"]
[Site "Terme Catez SLO"]
[Date "2022.03.27"]
[Round "1.16"]
[White "Shevchenko, Kirill"]
[Black "Wachinger, Nikolas"]
[Result "1-0"]
[WhiteTitle "GM"]
[WhiteElo "2652"]
[BlackElo "2376"]
[WhiteFideId "14129574"]
[BlackFideId "12962791"]
[EventDate "2022.03.27"]

1. c4 Nf6 2. Nc3 e5 3. Nf3 Nc6 4. e3 Bb4 5. Qc2 Bxc3 6. Qxc3 Qe7 7. d4 exd4 8.
Nxd4 Nxd4 9. Qxd4 b6 10. Be2 Bb7 11. O-O O-O-O 12. Rd1 d5 13. Bd2 Ne4 14. Be1 f5
15. b4 dxc4 16. Qxc4 Kb8 17. a4 Qg5 18. Bf1 f4 19. f3 Nd6 20. Qxf4 Qxf4 21. exf4
Rhf8 22. Rd4 Nf5 23. Rxd8+ Rxd8 24. Bc3 Ne3 25. Bxg7 Rg8 26. Be5 Bxf3 27. Kf2
Nxf1 28. gxf3 Nd2 29. Rc1 1-0

[Event "22nd ch-EUR Indiv 2022"]
[Site "Terme Catez SLO"]
[Date "2022.03.27"]
[Round "1.17"]
[White "Samadov, Read"]
[Black "Santos Latasa, Jaime"]
[Result "1/2-1/2"]
[WhiteTitle "FM"]
[BlackTitle "GM"]
[WhiteElo "2375"]
[BlackElo "2648"]
[WhiteFideId "13417444"]
[BlackFideId "2293307"]
[EventDate "2022.03.27"]

1. d4 Nf6 2. c4 e6 3. Nf3 d5 4. g3 Bb4+ 5. Bd2 Be7 6. Bg2 O-O 7. O-O Nbd7 8. Qc2
c6 9. Bf4 h6 10. Rd1 a5 11. b3 b6 12. Nc3 Ba6 13. Ne5 Nxe5 14. dxe5 Nd7 15. cxd5
cxd5 16. e4 d4 17. Rxd4 Bc5 18. Rdd1 g5 19. Bc1 Rc8 20. Bb2 Qe7 21. Na4 Bb4 22.
Qb1 Be2 23. Rc1 Nc5 24. Nxc5 Bxc5 25. Bc3 Ba6 26. Bf1 Qb7 27. Bxa6 Qxa6 28. b4
axb4 29. Bxb4 Rfd8 30. Bxc5 bxc5 31. a4 Rd4 32. a5 c4 33. Qb6 Qxb6 34. axb6 Rb8
35. Ra4 Rxe4 36. Rb1 Kg7 37. b7 Rd4 38. Ra8 Rdd8 39. Ra4 Rd7 40. Rxc4 Rdxb7 41.
Rxb7 Rxb7 42. h4 Rb1+ 43. Kg2 Re1 44. hxg5 hxg5 45. Rc5 Re4 46. Kf3 Rb4 47. g4
Kf8 48. Rc8+ Kg7 49. Rc5 Rf4+ 50. Kg3 Re4 51. Kf3 Re1 52. Kg3 Kf8 53. Ra5 Rd1
54. Ra8+ Kg7 55. Ra5 Rd3+ 56. Kg2 Kg6 57. f3 Rd2+ 58. Kg3 Kg7 59. Ra3 Rd5 60.
Re3 Kf8 61. Re4 Ke7 62. Kf2 Ra5 63. Ke3 Ra3+ 64. Ke2 Kd7 65. Rd4+ Ke7 66. Re4
Rc3 67. Re3 Rc4 68. Kd3 Rf4 69. Ke2 Rd4 70. Rd3 Rb4 71. Ke3 Rb1 72. Ke4 Re1+ 73.
Re3 Rd1 74. Rd3 Rc1 75. Ra3 Re1+ 76. Re3 Rd1 77. Rd3 Rxd3 78. Kxd3 Kd7 79. Kd4 1/2-1/2

[Event "22nd ch-EUR Indiv 2022"]
[Site "Terme Catez SLO"]
[Date "2022.03.27"]
[Round "1.18"]
[White "Ragger, Markus"]
[Black "Fruebing, Stefan"]
[Result "1-0"]
[WhiteTitle "GM"]
[BlackTitle "IM"]
[WhiteElo "2647"]
[BlackElo "2374"]
[WhiteFideId "1610856"]
[BlackFideId "4682165"]
[EventDate "2022.03.27"]

1. e4 e5 2. Nf3 Nc6 3. Bb5 Nf6 4. d3 Bc5 5. c3 O-O 6. O-O d6 7. h3 a6 8. Ba4 Ba7
9. Re1 Ne7 10. Nbd2 Ng6 11. d4 Qe7 12. Nf1 Nh5 13. Ne3 Nhf4 14. Nf5 Qf6 15. Bc2
h6 16. g3 Ne6 17. Nh2 exd4 18. cxd4 Ng5 19. Ng4 Qd8 20. h4 Nh7 21. h5 Bxf5 22.
exf5 Nh8 23. f6 Nxf6 24. Qd3 g6 25. Nxh6+ Kg7 26. Nf5+ gxf5 27. Qxf5 Bxd4 28.
Qg5+ Ng6 29. Qh6+ Kg8 30. hxg6 Bxf2+ 31. Kg2 Bxe1 32. g7 1-0

[Event "22nd ch-EUR Indiv 2022"]
[Site "Terme Catez SLO"]
[Date "2022.03.27"]
[Round "1.19"]
[White "Risteski, Emil"]
[Black "Hovhannisyan, Robert"]
[Result "1/2-1/2"]
[WhiteTitle "FM"]
[BlackTitle "GM"]
[WhiteElo "2374"]
[BlackElo "2643"]
[WhiteFideId "15005267"]
[BlackFideId "13302507"]
[EventDate "2022.03.27"]

1. e4 e5 2. Nf3 Nc6 3. Bc4 Bc5 4. O-O Nf6 5. d3 d6 6. c3 O-O 7. Re1 a5 8. h3 Ba7
9. Be3 Bxe3 10. Rxe3 Ne7 11. d4 Ng6 12. Bf1 Re8 13. c4 c6 14. Nc3 Qb6 15. c5
dxc5 16. Na4 Qa7 17. dxc5 Be6 18. Nb6 Rad8 19. Qa4 Nd7 20. Nxd7 Rxd7 21. b4 f6
22. Rc1 Red8 23. g3 h5 24. bxa5 h4 25. Kh2 hxg3+ 26. fxg3 Nf8 27. a6 Rc7 28. Ra3
bxa6 29. Qb4 Rb7 30. Qc3 Qb8 31. Rxa6 Rb2+ 32. Rc2 Rb1 33. Be2 Qc8 34. Rb6 Rxb6
35. cxb6 Qa8 36. Qxc6 Qa3 37. b7 Rb8 38. Kg2 Kh7 39. Qc7 Nd7 40. Bb5 Qb4 41. a4
Qxe4 42. Rd2 Rxb7 43. Qd6 Bxh3+ 44. Kxh3 Qxf3 45. Qc6 e4 46. Rxd7 Qh1+ 47. Kg4
Qf3+ 48. Kh3 Qh1+ 49. Kg4 Qf3+ 1/2-1/2

[Event "22nd ch-EUR Indiv 2022"]
[Site "Terme Catez SLO"]
[Date "2022.03.27"]
[Round "1.20"]
[White "Bluebaum, Matthias"]
[Black "Spalir, Jernej"]
[Result "1/2-1/2"]
[WhiteTitle "GM"]
[BlackTitle "IM"]
[WhiteElo "2642"]
[BlackElo "2373"]
[WhiteFideId "24651516"]
[BlackFideId "14606518"]
[EventDate "2022.03.27"]

1. c4 c6 2. Nf3 d5 3. e3 Nf6 4. Nc3 e6 5. b3 Bd6 6. Bb2 O-O 7. Be2 Nbd7 8. Qc2
Qe7 9. O-O e5 10. cxd5 Nxd5 11. Ne4 Bb8 12. Ng3 Re8 13. a3 a5 14. Bd3 N7f6 15.
Ng5 h6 16. N5e4 Nxe4 17. Bxe4 Nf6 18. Bf3 Be6 19. d4 Bg4 20. Bxg4 Nxg4 21. Nf5
Qe6 22. f3 Nf6 23. e4 exd4 24. Nxd4 Qe5 25. g3 Ba7 26. Rad1 Rad8 27. Qf2 Rd7 28.
Rd3 Red8 29. Rfd1 Qe8 30. b4 axb4 31. axb4 Qf8 32. Qd2 c5 33. bxc5 Qxc5 34. Kg2
Nh7 35. Qc3 Nf8 36. R3d2 Qxc3 37. Bxc3 Bxd4 38. Rxd4 Rxd4 39. Rxd4 Rxd4 40. Bxd4
Ne6 41. Bb6 g5 42. Kf2 Kf8 43. Ke3 Ke7 44. f4 gxf4+ 45. gxf4 f6 46. f5 Ng5 47.
Bc5+ Kd7 48. h4 Nf7 49. h5 Ke8 50. Bd4 Ke7 51. Kd3 Ng5 52. Bb6 Kf7 53. Kd4 Nh3
54. Bc7 b5 55. Bd6 Ng5 56. Kd5 Nh3 57. Kd4 Ng5 58. Bb4 Kg7 59. Kd5 Kg8 60. Bc3
Kg7 61. Ba5 Kf8 62. Bd8 Kf7 63. Ba5 Kf8 64. Bb4+ Kg8 65. Be7 Kf7 66. Bc5 Kg7 67.
Bd6 Kf7 68. Ba3 Kg7 69. Bc5 Kf7 70. Bd6 Kg7 71. Bb4 1/2-1/2

[Event "22nd ch-EUR Indiv 2022"]
[Site "Terme Catez SLO"]
[Date "2022.03.27"]
[Round "1.21"]
[White "Samunenkov, Ihor"]
[Black "Kuzubov, Yuriy"]
[Result "1/2-1/2"]
[WhiteTitle "FM"]
[BlackTitle "GM"]
[WhiteElo "2372"]
[BlackElo "2639"]
[WhiteFideId "14187086"]
[BlackFideId "14112906"]
[EventDate "2022.03.27"]

1. d4 d5 2. c4 e6 3. Nc3 Nf6 4. cxd5 exd5 5. Bg5 c6 6. e3 Be7 7. Qc2 Nbd7 8. Bd3
Nh5 9. Bxe7 Qxe7 10. Nge2 g6 11. O-O O-O 12. Rae1 Nb6 13. Nc1 Ng7 14. f3 Ne6 15.
Nb3 a5 16. a3 Bd7 17. Qf2 Rfd8 18. e4 a4 19. Nc5 Nxc5 20. dxc5 d4 21. Qxd4 Be6
22. Qf2 Nd7 23. Rd1 Nxc5 24. Bc2 b5 25. Qe3 Bc4 26. Rfe1 Bb3 27. Bxb3 Nxb3 28.
e5 Qc5 29. Kf2 Qxe3+ 30. Rxe3 Rxd1 31. Nxd1 Rd8 32. Ke1 Na5 33. Nc3 Nc4 34. Re2
Kf8 35. Na2 Ke7 36. Nb4 Rc8 37. Kd1 Ke6 38. Kc2 h5 39. Re4 Kf5 40. Nd3 g5 41. h4
gxh4 42. Rxh4 Kg5 43. Re4 Re8 44. g3 Re7 1/2-1/2

[Event "22nd ch-EUR Indiv 2022"]
[Site "Terme Catez SLO"]
[Date "2022.03.27"]
[Round "1.22"]
[White "Sargsyan, Shant"]
[Black "Manca, Federico"]
[Result "1-0"]
[WhiteTitle "GM"]
[BlackTitle "IM"]
[WhiteElo "2639"]
[BlackElo "2370"]
[WhiteFideId "13306766"]
[BlackFideId "800171"]
[EventDate "2022.03.27"]

1. d4 d5 2. c4 e6 3. Nf3 c5 4. cxd5 exd5 5. Nc3 Nc6 6. dxc5 d4 7. Na4 b5 8. cxb6
axb6 9. b3 Bf5 10. e4 Bxe4 11. Bb5 Bb4+ 12. Bd2 Bxd2+ 13. Nxd2 Bxg2 14. Rg1 Bd5
15. Qg4 Qe7+ 16. Kd1 Nf6 17. Qxg7 O-O-O 18. Re1 Qd6 19. Bxc6 Bxc6 20. Nxb6+ Kb8
21. Nbc4 Qf4 22. Ne5 Bb7 23. Qg3 Qxg3 24. hxg3 Bd5 25. Rc1 Kb7 26. Ndc4 Rhe8 27.
Kd2 Ka7 28. f3 h5 29. Kd3 Rg8 30. Rg1 Rg5 31. Rce1 Rdg8 32. Kxd4 Rxg3 33. Rxg3
Rxg3 34. Rh1 Rg2 35. a4 Rg3 36. b4 Rg2 37. b5 Ra2 38. a5 Ra4 39. Rh4 Be6 40. Kc5
Kb8 41. Nc6+ 1-0